MARC

LEADER 00000nam0a2200000 4500
001 293055
005 20231102000546.0
035 |a (RuTPU)RU\TPU\book\317894 
090 |a 293055 
100 |a 20150428d1983 m y0rusy5003 ca 
101 0 |a rus 
102 |a RU 
105 |a a j 000zy 
200 1 |a Наладка шлифовальных станков  |e учебник  |f Г. Б. Лурье, В. Н. Комиссаржевская 
210 |a Москва  |c Высшая школа  |d 1983 
215 |a 168 с.  |c ил. 
225 1 |a Профессионально-техническое образование 
606 1 |a Шлифовальные станки  |x Наладка  |2 stltpush  |3 (RuTPU)RU\TPU\subj\19312  |9 44571 
610 1 |a учебники 
610 1 |a обработка 
610 1 |a автоматизация 
610 1 |a загрузочные устройства 
610 1 |a круглошлифовальные станки 
610 1 |a бесцентрово-шлифовальные станки 
675 |a 621.924.1(075.32)  |z rus  |v 4 
700 1 |a Лурье  |b Г. Б.  |g Герц Борисович 
701 1 |a Комиссаржевская  |b В. Н.  |g Вера Николаевна 
801 0 |a RU  |b RuMRKP  |c 19950704  |g psbo 
801 1 |a RU  |b 63413507  |c 20150428 
801 2 |a RU  |b 63413507  |c 20170719  |g RCR 
942 |c BK